LIBRARY & INFORMATION CENTRE, KCAET, TAVANUR

ONLINE PUBLIC ACCESS CATALOGUE (OPAC)

Elementary hydrology / (Record no. 13390)

MARC details
000 -LEADER
fixed length control field 00280cam a2200109ua 4500
082 ## - DEWEY DECIMAL CLASSIFICATION NUMBER
Classification number 551.48
Item number SIN/EL
100 ## - MAIN ENTRY--AUTHOR NAME
Personal name Singh, Vijay P .
245 ## - TITLE STATEMENT
Title Elementary hydrology /
260 ## - PUBLICATION, DISTRIBUTION, ETC. (IMPRINT)
Place of publication New Delhi :
Name of publisher Prentice Hall of India Pvt Ltd. ,
Year of publication 1994.
300 ## - PHYSICAL DESCRIPTION
Number of Pages 978 ; .
942 ## - ADDED ENTRY ELEMENTS (KOHA)
Koha item type Books
Holdings
Withdrawn status Lost status Damaged status Home library Current library Date acquired Full call number Accession Number Koha item type Shelving location
      KAUAET KAUAET 07/04/2012 551.48 19229 Books  
      KAUAET KAUAET 07/04/2012 551.48 23156 Books Reference
free website counter